10_群馬県の市町村(ひらがな対応・五十音順) - Statistics

General Stats
  • This quiz has been taken 35 times
  • The average score is 31 of 35
Answer Stats
種類 市町村名 % Correct
高崎市
100%
館林市
100%
前橋市
100%
みなかみ町
100%
伊勢崎市
97%
太田市
97%
嬬恋村
97%
富岡市
97%
安中市
94%
桐生市
94%
沼田市
94%
藤岡市
94%
みどり市
94%
大泉町
91%
草津町
91%
渋川市
91%
板倉町
88%
下仁田町
88%
上野村
85%
千代田町
85%
南牧村
85%
明和町
85%
邑楽町
82%
片品村
82%
甘楽町
82%
榛東村
82%
中之条町
82%
東吾妻町
82%
神流町
79%
昭和村
79%
高山村
79%
長野原町
79%
玉村町
76%
川場村
73%
吉岡町
73%
No matching quizzes found
Score Distribution
Percent of People with Each Score
Percentile by Number Answered
Your Score History
You have not taken this quiz